| 000 | 00528nam a2200181Ia 4500 | ||
|---|---|---|---|
| 008 | 240729s9999 xx 000 0 und d | ||
| 022 | _a2321-6638 | ||
| 245 | 0 | _aHeart India | |
| 260 | _aIndia | ||
| 260 | _bWolters Kluwer Medknow Publications | ||
| 650 | _a Diseases of the circulatory (Cardiovascular) system | ||
| 650 | _a Internal medicine | ||
| 650 | _a Specialties of internal medicine | ||
| 650 | _aMedicine | ||
| 856 | _uhttps://doaj.org/toc/826e6f80ce4743c2a54b9b84e7edc60d | ||
| 942 | _2ddc | ||
| 942 | _cDOAJEJ | ||
| 999 |
_c71462 _d71462 |
||
| 945 |
_a1 _bMadushi Gamage _c1 _dMadushi Gamage |
||